000 00194 a2200097 4500
020 _a9780399149320
041 _aeng
100 _aCornwell, Patricia
245 _aPortrait of a killer
942 _cBK
999 _c8157
_d8157